Isolation, identification and evaluation of root endophytes of lentil against sclerotium rolfsii causing foot and root rot of lentil (lens culinaris) / (Record no. 17732)

MARC details
000 -LEADER
fixed length control field 01146nam a22002777a 4500
001 - CONTROL NUMBER
control field BD-DhSAU
003 - CONTROL NUMBER IDENTIFIER
control field BD-DhSAU
005 - DATE AND TIME OF LATEST TRANSACTION
control field 20241230155719.0
008 - FIXED-LENGTH DATA ELEMENTS--GENERAL INFORMATION
fixed length control field 150420b2005 bg ||||| m||| 00| 0 eng d
040 ## - CATALOGING SOURCE
Original cataloging agency BD-DhSAU
082 ## - DEWEY DECIMAL CLASSIFICATION NUMBER
Edition number 22
Classification number 571.92
Item number M67
100 ## - MAIN ENTRY--PERSONAL NAME
Personal name ISLAM, MIR RUKAIYA
Relator term Registration No. # 16-07395
245 ## - TITLE STATEMENT
Title Isolation, identification and evaluation of root<br/>endophytes of lentil against sclerotium rolfsii causing <br/>foot and root rot of lentil (lens culinaris) /<br/>
Remainder of title MS thesis
260 ## - PUBLICATION, DISTRIBUTION, ETC. (IMPRINT)
Place of publication, distribution, etc. Sher-e-Bangla Agricultural University:
Name of publisher, distributor, etc. Department of Plant Pathology,
Date of publication, distribution, etc. 2023.
300 ## - PHYSICAL DESCRIPTION
Extent viii, 43p. ;
Dimensions 30 cm.
500 ## - GENERAL NOTE
General note MS thesis of Department of Plant Pathology,<br/>Faculty of Agriculture , Sher-e-Bangla Agricultural University, Dhaka, Bangladesh
504 ## - BIBLIOGRAPHY, ETC. NOTE
Bibliography, etc Includes bibliographical reference.
590 ## - Name of Cataloguer
Name of Cataloger Nazmul
650 ## - SUBJECT ADDED ENTRY--TOPICAL TERM
Topical term or geographic name as entry element root endophytes of lentil
651 ## - SUBJECT ADDED ENTRY--GEOGRAPHIC NAME
Geographic name rolfsii causing foot and root rot
654 ## - SUBJECT ADDED ENTRY--FACETED TOPICAL TERM
Focus term lentil (lens culinaris)
700 ## - ADDED ENTRY--PERSONAL NAME
Personal name Prof. Dr. F. M. Aminuzzaman
Relator term Superviser
700 ## - ADDED ENTRY--PERSONAL NAME
Personal name Prof. Dr. M. Salahuddin M. Chowdhury
Relator term Co-superviser
942 ## - ADDED ENTRY ELEMENTS (KOHA)
Source of classification or shelving scheme Dewey Decimal Classification
Koha item type MS Level Thesis
Holdings
Withdrawn status Lost status Source of classification or shelving scheme Damaged status Not for loan Collection code Home library Branch Name Date acquired Total Checkouts Full call number Barcode Date last seen Price effective from Koha item type
    Dewey Decimal Classification   Not For Loan Reference SAU Library SAU Library 30/12/2024   571.92 M67 45435 30/12/2024 30/12/2024 MS Level Thesis